| 000 | 00897nam a2200229Ia 4500 | ||
|---|---|---|---|
| 003 | IN-BaIIA | ||
| 008 | 211028s9999 xx 000 0 eng d | ||
| 020 | _a981-02-1514-2 | ||
| 040 | _cIIA Library | ||
| 080 |
_a52 _bFRO |
||
| 111 |
_aWorkshop on Frontiers of Astronomy _cChina _d1992 Oct. 30 - Nov. 6 _918904 |
||
| 245 | 0 |
_aFrontiers of astronomy in 1990s _bproceedings of a workshop on frontiers of astronomy in 1990s held in Beijing, P. R. China, 30 October-6 November 1992 _cedited by Li. Qibin |
|
| 260 |
_aSingapore _bWorld Scientific _c1993 |
||
| 300 | _axiii, 217p. | ||
| 650 |
_aAstronomical instruments _94304 |
||
| 650 |
_aAstronomy _980 |
||
| 650 | _aAstronomy and astrophysics thesaurus | ||
| 650 |
_aHigh energy astrophysics _95354 |
||
| 700 |
_aQibin, Li., ed. _918905 |
||
| 710 |
_aUnited Laboratory for Optical _918906 |
||
| 942 | _cBK | ||
| 999 |
_c11039 _d11039 |
||